000 05563nam a22002657a 4500
001 5150530
003 UA-OsUOA
005 20201109134952.0
008 200413b un ||||| m||| 00| 0 ukr d
040 _aUA-OsUOA
_bukr
_cUA-OsUOA
_dUA-OsUOA
041 _aukr
080 _a343.14
090 _a343.14
095 _a12.00.09
_bкримінальний процес та криміналістика; судова експертиза; оперативно-розшукова діяльність
100 _aРибалко Ж. Л.
245 _aЗастосування технічних засобів у кримінальному провадженні
_cРибалко Жанна Леонідівна ; наук. керівник Рожнова Вікторія Василівна
260 _aКиїв
_c2014
300 _a18 с.
502 _6Автореферат дисертації на здобуття наукового ступеня кандидата юридичних наук
_cНаціональна академія внутрішніх справ
_d2014
520 _aУ дисертації наведено теоретичне обґрунтування та запропоновані заходи щодо вдосконалення правових, організаційних і процесуальних основ застосування технічних засобів у кримінальному провадженні. Встановлено, що проблематика правового регулювання застосування технічних засобів у сфері боротьби зі злочинністю тривалий час залишалася поза увагою науки кримінального процесуального права. Відповідні дослідження здебільшого проводили в аспекті криміналістичної науки. Відтак, аналіз окресленого кола питань у розрізі науки кримінального процесуального права зробив можливою розробку пропозицій щодо удосконалення нормативно-правової бази, яка регулює відносини, пов’язані із застосуванням технічних засобів у кримінальному провадженні, і, як наслідок, підвищення ефективності використання таких засобів в практичній діяльності правоохоронних органів. У ході дослідження було виявлено ряд проблемних моментів, які значною мірою знижують ефективність правового регулювання застосування технічних засобів у кримінальному провадженні. Розроблені відповідні пропозиції щодо удосконалення чинного кримінального процесуального законодавства. Надане визначення та загальна характеристика технічних засобів, що застосовуються у кримінальному провадженні, розглянути основні форми їх використання, що закріплені чинним законодавством, та уточнена класифікація технічних засобів у кримінальному провадженні. Визначений вплив найновіших змін, що були внесені до чинного законодавства у зв’язку із введенням у дію Кримінального процесуального кодексу, на можливості застосування технічних засобів під час здійснення кримінально-процесуального доказування. Розроблені пропозиції щодо удосконалення наукового бачення існуючої системи процесуальних гарантій захисту прав і законних інтересів осіб, які беруть участь у кримінальному провадженні, з урахуванням особливостей правових механізмів забезпечення охорони прав і свобод особи у сфер застосування технічних засобів у кримінальному проваджені. Визначені шляхи удосконалення чинного кримінального процесуального законодавства у напрямі підвищення ефективності використання технічних засобів у кримінальному провадженні та запропоновані проекти відповідних змін до нормативних документів.
650 _2UDC
_a343 Кримінальне право. Карні порушення
942 _2udc
_cAR
955 _a1
999 _c458837
_d458837